| 000 | 00493cam a2200193ua 4500 | ||
|---|---|---|---|
| 001 | 6388 | ||
| 008 | 131205n ii |||gr||||Z||||||eng | ||
| 020 | _a81-7094-595-X | ||
| 040 | _cMAIN | ||
| 082 | _a336.24 | ||
| 245 |
_aIncome tax guide for the taxpayer _cBy R.N. Lakhotia |
||
| 250 | _a41st ed. | ||
| 260 |
_aNew delhi: _bVision books, _c2004. _aMumbai: _aHyderabad: |
||
| 300 | _ax,131p. | ||
| 653 | _aCommerce | ||
| 653 | _aIncome tax | ||
| 700 |
_aLakhotia,R.N., _eAuthor. |
||
| 942 | _cBK | ||
| 999 |
_c5538 _d5538 |
||